000 00535nam a2200205Ia 4500
008 140306s9999 xx 000 0 und d
041 _aeng
041 _aguj
082 _a658.15
_bPRA/FI
100 _aPrasanna, Chandra
245 _aFinancial management : theory and practice
250 _a2
260 _aNew Delhi
_bTata Mc Graw -Hill Publishing Company Limited
_c1990
300 _a831
365 _bRs.135
650 _aBudgeting
650 _aFinancial analysis
650 _aFunds flow analysis
942 _2ddc
_cBK
999 _c182222
_d182222